00635nam a22001817a 4500003000900000008004100009020001800050040007100068082002400139100002400163245009200187260005400279300002800333650002100361650001500382650001300397700004300410AR-CdUCM190409b ||||| |||| 00| 0 spa d a9786124346798 aMUNICIPALIDAD PROVINCIAL DEL CUSCOcBIBLIOTECA MUNICIPAL DEL CUSCO a869.56/G964VbG964V aGutiérrez, Miguel aEl viejo saurio se retira /cMiguel Gutiérrez ; prólogo de Ricardo González Vigil aLima :bDebolsillo,bQuad Graphics Perú,c2020. a212 páginas ;c19 cm. aNovelas peruanas aTerrorismo aSiglo XX aGonzález Vigil, Ricardoeprologuista